LEADER 01459nam a2200313 4500 001 000000354769 003 CaOOAMICUS 005 20230731144739.0 008 230728s2004 it 000 u ita r 020 $a88-7016-462-4 040 $aSeMil$bita 100 1 $aLindbeck, George Arthur,$d<1923-2018>.$0(OLS)http://semarc/name/90497 240 14$aThe nature of doctrine.$0(OLS)http://semarc/title/444923 245 13$aLa natura della dottrina :$breligione e teologia in un'epoca postliberale /$cGeorge A. Lindbeck ; edizione italiana a cura di Giuseppe Campoccia e Chiara Versino. 264 1$aTorino :$bClaudiana,$c2004. 300 $a182 p. ;$c24 cm 490 1 $aTheologica ;$v2 650 4$aReligione.$0(OLS)http://semarc/subject/3159 650 4$aTeologia.$0(OLS)http://semarc/subject/27 700 1 $aCampoccia, Giuseppe.$0(OLS)http://semarc/name/53142 700 1 $aVersino, Chiara.$0(OLS)http://semarc/name/58763 830 0$aTheologica ;$v2.$0(OLS)http://semarc/title/431735 850 $aSeMil 852 $aSeMil$W1$xVenegono$y1$m2B VI 339$j242535$B246054$CSeMilBibl$Z2$F246054 $81 961 $aCaspani don Pierpaolo - Omaggio 996 $6020$a88-7016-462-4$9(OLS)http://semarc/number/298553 996 $6245$aLa natura della dottrina :$breligione e teologia in un'epoca postliberale$9(OLS)http://semarc/title/444924 996 $6264$aTorino :$bClaudiana$9(OLS)http://semarc/publisher/29837 LEADER 00697naa a2200157 i 4500 001 000000304304 003 CaOOAMICUS 005 20180831172816.0 008 180831n it u000 u ita u 013 $a12122 040 $aSeMil$bita 100 1 $aValente, Gianni.$0(OLS)http://semarc/name/65303 245 10$aCi vorrebbe un sant'Agostino moderno. 700 1 $aDanneels, Godfried,$c.$0(OLS)http://semarc/name/20644 773 0 $tGloria di Cristo ovvero la Sua vittoria nel tempo.$dTorino : SEI, 1997.$bEd. fuori commercio riservata ai lettori e abbonati di 30GIORNI.$kLibri di 30 giorni$gp.[5]-18$w()108260 996 $6245$aCi vorrebbe un sant'Agostino moderno$9(OLS)http://semarc/title/380189